[Event "Grenke op"]
[Site "Karlsruhe GER"]
[Date "2019.04.20"]
[EventDate "?"]
[Round "4"]
[Result "0-1"]
[White "Alireza Firouzja"]
[Black "Antonia Ziegenfuss"]
[WhiteElo "2669"]
[BlackElo "1945"]
[PlyCount "88"]

1.e4 c5 2.Nf3 e6 3.d4 cxd4 4.Nxd4 Nf6 5.Nc3 Nc6 6.Ndb5 Bc5 7.Bf4 O-O 8.Bc7 Qe7 9.Bd6 Bxd6 10.Qxd6 Ne8 11.Qxe7 Nxe7 12.O-O-O f5 13.Bd3 fxe4 14.Nxe4 d5 15.Ng5 h6 16.Nf3 Nc6 17.Bg6 a6 18.Nbd4 Nxd4 19.Rxd4 Nd6 20.Re1 Rf6 21.Bd3 b5 22.Re2 Ra7 23.Ne5 Rc7 24.b3 Nf5 25.Bxf5 Rxf5 26.a4 Kf8 27.axb5 axb5 28.g4 Rf6 29.f4 Ke7 30.h4 Kd6 31.Kb2 Rf8 32.Nd3 Bd7 33.Nb4 Bc6 34.h5 Bb7 35.Re1 Kc5 36.Rxe6 Kxd4 37.f5 Rff7 38.Nd3 Rfe7 39.Nf4 b4 40.f6 gxf6 41.Rxf6 Rf7 42.Ne6+ Ke5 43.Rxh6 Rc3 44.Nd8 Rf2 0-1

[Event "GRENKE Chess Open 2019"]
[Site "Karlsruhe GER"]
[Date "2019.04.22"]
[EventDate "?"]
[Round "9.12"]
[Result "0-1"]
[White "Eric Lobron"]
[Black "Alireza Firouzja"]
[WhiteElo "2508"]
[BlackElo "2669"]
[PlyCount "52"]

1. Nf3 d5 2. d4 Nf6 3. c4 c6 4. Nc3 e6 5. Bg5 h6 6. Bxf6 Qxf6 7. Qb3 a5 8. a3 a4 9. Qa2 Nd7 10. e3 Bd6 11. Bd3 dxc4 12. Bxc4 Qe7 13. Rd1 O-O 14. O-O Nf6 15. Qb1 e5 16. dxe5 Bxe5 17. Nxe5 Qxe5 18. Qd3 b5 19. Ba2 Ba6 20. Qd4 Qxd4 21. Rxd4 c5 22. Rf4 b4 23. axb4 Bxf1 24. Kxf1 a3 25. Ke2 axb2 26. Bb1 Ra3 0-1

[Event "ch-FRA Blitz 2019"]
[Site "Le Blanc-Mesnil FRA"]
[Date "2019.06.01"]
[EventDate "?"]
[Round "8.2"]
[Result "1/2-1/2"]
[White "Alireza Firouzja"]
[Black "Alexandr Fier"]
[WhiteElo "2682"]
[BlackElo "2543"]
[PlyCount "48"]

1. d4 Nf6 2. c4 c5 3. Nf3 cxd4 4. Nxd4 Nc6 5. Nc3 e6 6. a3 Be7 7. e4 O-O 8. Be2  d5 9. exd5 exd5 10. cxd5 Nxd5 11. Nxc6 bxc6 12. Nxd5 cxd5 13. O-O a5 14. Be3 Bf6  15. Bd4 Rb8 16. Rc1 Bxd4 17. Qxd4 Qb6 18. Qxb6 Rxb6 19. Rc2 Be6 20. Rd1 Rfb8 21.  Rdd2 g6 22. h3 Kg7 23. Bf3 d4 24. Rxd4 1/2-1/2

[Event "ch-FRA Blitz 2019"]
[Site "Le Blanc-Mesnil FRA"]
[Date "2019.06.01"]
[EventDate "?"]
[Round "7.1"]
[Result "1-0"]
[White "Munoz Pantoja, Miguel"]
[Black "Alireza Firouzja"]
[WhiteElo "2513"]
[BlackElo "2682"]
[PlyCount "116"]

1. e4 c5 2. g3 d5 3. exd5 Qxd5 4. Nf3 Nc6 5. Nc3 Qe6+ 6. Be2 Nf6 7. d4 cxd4 8.  Nxd4 Nxd4 9. Qxd4 g6 10. Nb5 Qc6 11. Bf4 Bg7 12. Nc7+ Kf8 13. Qd8+ Ne8 14. Qxe8+  Qxe8 15. Nxe8 Kxe8 16. O-O-O Bd7 17. Bf3 Bc6 18. Bxc6+ bxc6 19. Rd3 f5 20. Re1  Kf7 21. Rd7 Rhe8 22. Bg5 Bf8 23. c3 a5 24. a4 h6 25. Be3 Bg7 26. Bc5 Bf6 27. Kc2  g5 28. f4 gxf4 29. gxf4 Kg6 30. Re6 Kh5 31. Bxe7 Bxe7 32. Rdxe7 Rxe7 33. Rxe7  Kg4 34. Rh7 h5 35. Kd3 Rb8 36. Kc2 Re8 37. b4 axb4 38. cxb4 Kxf4 39. Rxh5 Ke4  40. Rh6 f4 41. Rxc6 Rf8 42. Kb3 f3 43. Rc1 f2 44. Rf1 Ke3 45. a5 Ke2 46. Ra1 Rd8  47. a6 Rd1 48. Ra2+ Rd2 49. Ra1 Rd1 50. Rxd1 Kxd1 51. a7 f1=Q 52. a8=Q Qf7+ 53.  Ka3 Qc7 54. Qd5+ Ke1 55. Qe4+ Kd2 56. Qd4+ Ke2 57. Kb3 Kf3 58. Qc3+ 1-0

[Event "Asian Continental"]
[Site "Xingtai CHN"]
[Date "2019.06.07"]
[EventDate "2019.06.07"]
[Round "1.3"]
[Result "1-0"]
[White "Alireza Firouzja"]
[Black "John Paul Gomez"]
[WhiteElo "2682"]
[BlackElo "2467"]
[PlyCount "80"]

1. d4 Nf6 2. c4 g6 3. Nc3 d5 4. cxd5 Nxd5 5. e4 Nxc3 6. bxc3
Bg7 7. Bb5+ c6 8. Ba4 O-O 9. Ne2 c5 10. O-O Nc6 11. Be3 Na5
12. dxc5 Qc7 13. Nf4 e6 14. Qe2 b6 15. Rfd1 Be5 16. g3 bxc5
17. Rab1 Bb7 18. Rd7 Qc8 19. Nxe6 fxe6 20. Qg4 Rf6 21. Qh4 Rf7
22. Rxf7 Kxf7 23. Qxh7+ Bg7 24. Bh6 Qh8 25. Qxg7+ Qxg7
26. Bxg7 Kxg7 27. Rb5 Bxe4 28. Rxa5 Rb8 29. Rb5 Rc8 30. f4 Kf6
31. Ra5 Rd8 32. Kf2 c4 33. Rxa7 Bf5 34. Bd7 Rb8 35. Kf3 Rb1
36. Be8 e5 37. Ra6+ Kg7 38. fxe5 Rc1 39. Kf4 Kh6 40. g4 Rf1+
1-0

[Event "Asian Continental"]
[Site "Xingtai CHN"]
[Date "2019.06.08"]
[EventDate "2019.06.07"]
[Round "2.2"]
[Result "1/2-1/2"]
[White "Rameshbabu Praggnanandhaa"]
[Black "Alireza Firouzja"]
[WhiteElo "2537"]
[BlackElo "2682"]
[PlyCount "100"]

1. e4 e5 2. Nf3 Nc6 3. Bc4 Nf6 4. d3 h6 5. O-O d6 6. c3 g5
7. Nbd2 Bg7 8. Bb3 O-O 9. Nc4 Be6 10. Re1 g4 11. Nfd2 d5
12. exd5 Nxd5 13. Ne4 b6 14. Ng3 Qd7 15. Nh5 f6 16. d4 Qf7
17. Nxg7 Kxg7 18. dxe5 f5 19. Qe2 f4 20. Ba4 Nce7 21. Nd6 Qh5
22. c4 f3 23. Qe4 Nb4 24. Bf4 Nd3 25. Bc2 Rxf4 26. Qxa8 Rf8
27. Qe4 g3 28. hxg3 fxg2 29. Qh4 Qxh4 30. gxh4 Nxe1 31. Rxe1
Nc6 32. Nb5 Bxc4 33. Nc3 Bf1 34. Re4 Rf3 35. Ne2 Bxe2 36. Rxe2
Nd4 37. Rd2 c5 38. Kxg2 Rf8 39. b4 Kf7 40. bxc5 bxc5 41. f4
Ke6 42. Kg3 Rg8+ 43. Kf2 Kd5 44. e6 Rb8 45. f5 Ke5 46. Ke3 Re8
47. Rf2 Nxc2+ 48. Rxc2 Kxf5 49. Rxc5+ Kf6 50. Kf4 Rxe6 1/2-1/2

[Event "Asian Continental"]
[Site "Xingtai CHN"]
[Date "2019.06.09"]
[EventDate "2019.06.07"]
[Round "3.5"]
[Result "1-0"]
[White "Alireza Firouzja"]
[Black "Wan Yunguo"]
[WhiteElo "2682"]
[BlackElo "2531"]
[PlyCount "133"]

1. d4 Nf6 2. c4 g6 3. Nc3 d5 4. cxd5 Nxd5 5. e4 Nxc3 6. bxc3
Bg7 7. Bb5+ c6 8. Ba4 O-O 9. Ne2 c5 10. O-O Nd7 11. Bg5 cxd4
12. cxd4 Qa5 13. Bd2 Qa6 14. Bb4 Nb6 15. Bc2 Bd7 16. a4 Nc4
17. Bd3 Rfc8 18. Qb3 Be6 19. d5 Bxa1 20. dxe6 Qxe6 21. Nf4 Qe5
22. Bxc4 e6 23. Nxe6 a5 24. Bd2 Rxc4 25. Qxc4 fxe6 26. Be3 Rd8
27. f4 Qc3 28. Qxe6+ Kh8 29. Bb6 Rd2 30. Qe8+ Kg7 31. Qe7+ Kg8
32. Kh1 Qc6 33. f5 Bf6 34. Qe6+ Qxe6 35. fxe6 Be7 36. e5 Rc2
37. g3 Rc6 38. Bxa5 Rxe6 39. Bc3 Rc6 40. Rf3 b6 41. Bd2 Rc2
42. Bh6 Re2 43. Re3 Ra2 44. Re4 Kf7 45. Be3 Ke6 46. Bxb6 Kd5
47. Rd4+ Kxe5 48. Rd7 Ke6 49. Ra7 h5 50. a5 Rb2 51. Ra8 Kd5
52. Re8 Bf6 53. Bg1 Ra2 54. Ra8 Ra1 55. h4 Ke4 56. Kg2 Ra2+
57. Kh3 Ra1 58. Re8+ Kf5 59. Bb6 Be5 60. Ra8 Ra3 61. Bf2 Ra2
62. Bc5 Rc2 63. Bb6 Rc3 64. Bf2 Rc2 65. Rf8+ Ke6 66. a6 Bd6
67. Re8+ 1-0

[Event "Asian Continental"]
[Site "Xingtai CHN"]
[Date "2019.06.12"]
[EventDate "2019.06.07"]
[Round "6.4"]
[Result "0-1"]
[White "Chithambaram V R Aravindh"]
[Black "Alireza Firouzja"]
[WhiteElo "2598"]
[BlackElo "2682"]
[PlyCount "130"]

1. c4 e5 2. g3 Bc5 3. Bg2 Nc6 4. Nc3 a6 5. e3 d6 6. Nge2 Ba7
7. Rb1 h5 8. h4 Nf6 9. b4 Ng4 10. d4 Bf5 11. Rb2 Nf6 12. O-O
O-O 13. Nd5 Bg4 14. Kh1 exd4 15. f3 Be6 16. e4 Nh7 17. Rd2 Ne5
18. Nxd4 Nxc4 19. Rc2 Bxd5 20. exd5 Bxd4 21. Rxc4 Bf6 22. f4
Qd7 23. Qxh5 Rfe8 24. Qd1 Re7 25. Re1 Rae8 26. Bd2 Rxe1+
27. Bxe1 Bd8 28. Bf2 f5 29. Bf3 Nf6 30. Kg2 Qf7 31. Qd3 Ng4
32. Bg1 Qg6 33. Qd1 Re7 34. Rc2 Nf6 35. Re2 Ne4 36. Qe1 c6
37. g4 cxd5 38. g5 Rc7 39. Bb6 Rc8 40. Bxd8 Rxd8 41. Rc2 Qe6
42. Qd1 Kh8 43. Rc7 Rc8 44. Rxb7 d4 45. Kh2 Kg8 46. Bg2 Qc4
47. h5 Nf2 48. Qf3 Ng4+ 49. Kg3 Qc1 50. Kh4 Ne3 51. h6 g6
52. Rg7+ Kh8 53. Rxg6 Qe1+ 54. Kh5 Nxg2 55. Qxg2 Qe8 56. Kh4
Qxg6 57. Qd5 Rc7 58. a4 Re7 59. Qxd4+ Kh7 60. Qd3 Qe6 61. Kh5
Qg6+ 62. Kh4 Re4 63. Qd2 d5 64. b5 Qd6 65. Kh5 Rxf4 0-1

[Event "Asian Continental"]
[Site "Xingtai CHN"]
[Date "2019.06.13"]
[EventDate "2019.06.07"]
[Round "7.2"]
[Result "1/2-1/2"]
[White "Alireza Firouzja"]
[Black "Sethuraman P Sethuraman"]
[WhiteElo "2682"]
[BlackElo "2613"]
[PlyCount "99"]

1. c4 Nf6 2. Nc3 c5 3. Nf3 Nc6 4. g3 d5 5. d4 e6 6. cxd5 Nxd5
7. Bg2 Nxc3 8. bxc3 cxd4 9. Nxd4 Nxd4 10. Qxd4 Qxd4 11. cxd4
Bd6 12. a4 Rb8 13. a5 Bd7 14. O-O Bb5 15. Re1 a6 16. Rb1 O-O
17. e4 Rfd8 18. Bg5 Rd7 19. d5 h6 20. Be3 exd5 21. exd5 Bc7
22. Ra1 Rbd8 23. Rec1 Be5 24. Rab1 Bc7 25. Ra1 Be5 26. Ra2 Rc7
27. Rd1 Rc3 28. Bb6 Bc7 29. Bd4 Rc4 30. Be3 Ra4 31. Rda1 Rxa2
32. Rxa2 Rd7 33. Ra1 Be5 34. Rc1 Rc7 35. Re1 Bd6 36. Bb6 Rc2
37. Bf3 Kf8 38. h4 Bc4 39. h5 Bb5 40. Kg2 Bc4 41. Be3 Bd3
42. g4 Ra2 43. Bb6 Rc2 44. Rd1 Bb5 45. Be4 Rc3 46. f3 Bd7
47. Rd2 Bb5 48. Rc2 Rxc2+ 49. Bxc2 Ke7 50. Kf2 1/2-1/2

[Event "Asian Continental"]
[Site "Xingtai CHN"]
[Date "2019.06.14"]
[EventDate "2019.06.07"]
[Round "8.4"]
[Result "1-0"]
[White "Le Quang Liem"]
[Black "Alireza Firouzja"]
[WhiteElo "2694"]
[BlackElo "2682"]
[PlyCount "77"]

1. e4 c5 2. Nf3 d6 3. Nc3 a6 4. g3 Nf6 5. Bg2 g6 6. O-O Bg7
7. d4 cxd4 8. Nxd4 O-O 9. h3 Nc6 10. Be3 Nd7 11. a4 Bxd4
12. Bxd4 Nxd4 13. Qxd4 b6 14. Rad1 Bb7 15. f4 f6 16. h4 a5
17. Rfe1 Rc8 18. Bh3 Rc5 19. Qe3 Nb8 20. Nd5 Bxd5 21. exd5 f5
22. c3 Nd7 23. Qxe7 Nf6 24. Bf1 Qb8 25. Qe3 Kg7 26. Bb5 Kh6
27. Bc6 Rc4 28. Rd4 Rc5 29. Qd3 Ne4 30. g4 Qc8 31. g5+ Kg7
32. Kh2 h6 33. Rdxe4 fxe4 34. Qd4+ Kh7 35. Rxe4 Qf5 36. Kg3
Rf7 37. Re8 Rg7 38. Qe4 Qf7 39. Re6 1-0

[Event "Asian Continental"]
[Site "Xingtai CHN"]
[Date "2019.06.15"]
[EventDate "2019.06.07"]
[Round "9.6"]
[Result "1-0"]
[White "Alireza Firouzja"]
[Black "Chopra Aryan"]
[WhiteElo "2682"]
[BlackElo "2553"]
[PlyCount "97"]

1. d4 Nf6 2. c4 g6 3. Nc3 Bg7 4. e4 d6 5. Nf3 O-O 6. Be2 e5
7. O-O Nc6 8. d5 Ne7 9. Ne1 Nd7 10. Nd3 f5 11. f3 f4 12. b4 g5
13. c5 Nf6 14. a4 Ng6 15. a5 h5 16. Nf2 Rf7 17. Kh1 Bf8 18. c6
bxc6 19. dxc6 Be6 20. b5 Ne7 21. Rg1 Rg7 22. g3 Qe8 23. Qf1 a6
24. gxf4 gxf4 25. Bd2 Qf7 26. Rc1 Ne8 27. Nh3 Qf6 28. Bc4 axb5
29. Nxb5 Rxg1+ 30. Qxg1+ Bg7 31. Qf1 Bxc4 32. Qxc4+ Kh8
33. Rg1 Bh6 34. Bc3 Kh7 35. Nf2 Bg7 36. Nd3 Qf8 37. Ra1 Qg8
38. Qxg8+ Kxg8 39. Nb4 Bf6 40. a6 Kf7 41. a7 Bh4 42. Ra2 Kf8
43. Kg2 Kf7 44. Kh3 Bf6 45. Be1 Ng6 46. Nd5 Bd8 47. Bf2 Kf8
48. Rb2 Ne7 49. Nxe7 1-0

[Event "Asian Continental Blitz"]
[Site "Xingtai CHN"]
[Date "2019.06.15"]
[EventDate "?"]
[Round "5.3"]
[Result "1/2-1/2"]
[White "R Praggnanandhaa"]
[Black "Alireza Firouzja"]
[WhiteElo "2537"]
[BlackElo "2682"]
[PlyCount "112"]

1. Nf3 Nc6 2. e4 Nf6 3. e5 Nd5 4. d4 d6 5. c4 Nb6 6. e6 fxe6 7. Bd3 g6 8. h4 Bg7 9. h5 Nxd4 10. Ng5 e5 11. h6 Bf6 12. Nxh7 Bf5 13. g4 Bxd3 14. Qxd3 Rxh7 15. Qxg6+ Rf7 16. g5 Bh8 17. Qh5 Nf3+ 18. Kf1 Nxg5 19. Bxg5 Qd7 20. Nc3 Qf5 21. Be3 Nxc4 22. Qxf5 Rxf5 23. Ke2 Kd7 24. b3 Nxe3 25. fxe3 e4 26. Rac1 Bxc3 27. Rxc3 Rh8 28. Rc4 Rf6 29. h7 Rf7 30. Rxe4 Rhxh7 31. Rc1 Rh2+ 32. Kd3 Rxa2 33. Rec4 c5 34. b4 b6 35. bxc5 bxc5 36. Rb1 Ra3+ 37. Ke2 Rf5 38. Rb7+ Ke6 39. Rh4 Re5 40. e4 c4 41. Rc7 c3 42. Kd3 c2+ 43. Kxc2 Rc5+ 44. Rxc5 dxc5 45. Rh5 Re3 46. Rxc5 Rxe4 47. Rc6+ Kf5 48. Rc7 e5 49. Rxa7 Rd4 50. Ra1 e4 51. Rd1 Ra4 52. Kd2 Ke5 53. Ke2 Ra2+ 54. Ke3 Ra3+ 55. Ke2 Rh3 56. Rd8 1/2-1/2

[Event "TCh-TUR Super League 2019"]
[Site "Konya TUR"]
[Date "2019.07.18"]
[EventDate "?"]
[Round "2.7"]
[Result "0-1"]
[White "Sergei Lobanov"]
[Black "Alireza Firouzja"]
[WhiteElo "2505"]
[BlackElo "2685"]
[PlyCount "92"]

1. e4 e5 2. Nf3 Nc6 3. Bb5 a6 4. Ba4 Nf6 5. O-O b5 6. Bb3 Bc5 7. c3 d6 8. d4 Bb6 9. a4 Bg4 10. h3 Bh5 11. Bg5 Rb8 12. d5 Na5 13. Ba2 h6 14. Bxf6 Qxf6 15. b4 Nb7 16. Nbd2 O-O 17. Bb1 Qf4 18. Kh1 bxa4 19. Rxa4 a5 20. g3 Qf6 21. Kg2 axb4 22. cxb4 Nd8 23. Nc4 Qe7 24. g4 Bg6 25. Ra6 Bd4 26. Nxd4 exd4 27. Qxd4 Rxb4 28. f3 c6 29. Bd3 cxd5 30. Qxd5 Ne6 31. Kg3 Qf6 32. Rxd6 Qf4+ 33. Kg2 h5 34. gxh5 Bxh5 35. Rxe6 Bxf3+ 36. Rxf3 Qxf3+ 37. Kxf3 fxe6+ 38. Ke3 exd5 39. exd5 Rc8 40. Kd4 Kf7 41. Be2 Kf6 42. Kc3 Ra4 43. Kd4 Rb4 44. d6 Rd8 45. Kc5 Rxc4+ 46. Bxc4 Ke5 0-1

[Event "TCh-TUR Super League 2019"]
[Site "Konya TUR"]
[Date "2019.07.20"]
[EventDate "?"]
[Round "4.6"]
[Result "1/2-1/2"]
[White "Alireza Firouzja"]
[Black "Alexey Sarana"]
[WhiteElo "2685"]
[BlackElo "2640"]
[PlyCount "76"]

1. e4 c5 2. Nf3 d6 3. d4 cxd4 4. Nxd4 Nf6 5. Nc3 a6 6. Be3 e5 7. Nf3 Qc7 8. a4 Be7 9. Be2 O-O 10. O-O Nbd7 11. Nd2 b6 12. Nc4 Bb7 13. f3 Rfd8 14. Bf2 Nc5 15. Ne3 Ne6 16. Bc4 Nf4 17. b3 Rac8 18. Kh1 d5 19. Ncxd5 N6xd5 20. Bxd5 Qc3 21. Nc4 Bxd5 22. exd5 Nxd5 23. Qe2 b5 24. axb5 axb5 25. Nb6 Nxb6 26. Bxb6 Rd2 27. Qxb5 Qxc2 28. Bg1 h5 29. Qb7 Bf6 30. b4 Rcd8 31. Qe4 Rb8 32. Rfb1 Qxe4 33. fxe4 Bd8 34. b5 Bb6 35. Ra6 Bxg1 36. Kxg1 Rd4 37. b6 Rd6 38. Ra5 Rdxb6 1/2-1/2

[Event "TCh-TUR Super League 2019"]
[Site "Konya TUR"]
[Date "2019.07.28"]
[EventDate "?"]
[Round "13.7"]
[Result "1-0"]
[White "Alireza Firouzja"]
[Black "Vugar Asadli"]
[WhiteElo "2685"]
[BlackElo "2502"]
[PlyCount "56"]

1. d4 Nf6 2. c4 g6 3. g3 Bg7 4. Bg2 d5 5. cxd5 Nxd5 6. e4 Nb6 7. Ne2 c5 8. d5 e6 9. O-O exd5 10. exd5 O-O 11. Nbc3 Bf5 12. Be3 Na6 13. b3 Re8 14. h3 Nb4 15. Rc1 c4 16. Bd4 Bh6 17. bxc4 Bxc1 18. Nxc1 Rc8 19. a3 Na6 20. g4 Bd7 21. Ne4 Rxe4 22. Bxe4 Nc5 23. Bg2 Nxc4 24. Re1 Nd6 25. Qd2 Nb5 26. Ba1 Na4 27. Na2 Qf8 28. Qf4 1-0

[Event "Prague Chess Festival (Masters)"]
[Site "Prague CZE"]
[Date "2020.02.13"]
[EventDate "2020.02.12"]
[Round "2"]
[Result "1/2-1/2"]
[White "Nils Grandelius"]
[Black "Alireza Firouzja"]
[WhiteElo "2659"]
[BlackElo "2726"]
[PlyCount "160"]

1. e4 e5 2. Nf3 Nc6 3. Bb5 Nf6 4. O-O Nxe4 5. Re1 Nd6 6. Nxe5
Be7 7. Bf1 Nxe5 8. Rxe5 O-O 9. d4 Bf6 10. Re1 Re8 11. Bf4 Rxe1
12. Qxe1 Ne8 13. c3 d5 14. Nd2 g6 15. Nf3 c6 16. Bd3 Ng7
17. Bh6 Nf5 18. Bxf5 Bxf5 19. h3 Be4 20. Nd2 Qe7 21. Qe3 Re8
22. Qf4 Bf5 23. Nf3 Qd8 24. Ne5 Be7 25. g4 Be6 26. Re1 Bd6
27. Bg5 Qb6 28. b4 Qc7 29. Bf6 b6 30. h4 c5 31. bxc5 bxc5
32. h5 cxd4 33. cxd4 Qc3 34. Rb1 Bf8 35. hxg6 fxg6 36. Kg2 Qc2
37. Rb7 Rc8 38. Rxa7 Qe4+ 39. Qxe4 dxe4 40. a4 Bd5 41. Rd7 Be6
42. Rd8 Rxd8 43. Bxd8 Bd6 44. Kg3 Kf8 45. Kf4 Bd5 46. a5 Ke8
47. Bb6 Bb4 48. Ke3 Ba3 49. a6 Bc1+ 50. Ke2 Bf4 51. a7 Ke7
52. Ke1 Bxe5 53. dxe5 Ke6 54. Bc7 h5 55. gxh5 gxh5 56. Kf1 h4
57. Kg1 h3 58. Kh2 e3 59. f4 e2 60. Ba5 Bg2 61. Be1 Kf5
62. Kg1 Bd5 63. Bg3 Kg4 64. Kh2 Kf5 65. Bf2 Bg2 66. Kg3 Bd5
67. Be1 Bg2 68. Bd2 Bd5 69. Kh2 Bg2 70. Kg1 Bc6 71. Be1 Bd5
72. Bg3 Kg4 73. Kh2 Kf5 74. Kxh3 e1=Q 75. Bxe1 Kxf4 76. Bg3+
Kf5 77. Kh4 Ke6 78. Kg5 Kd7 79. Kf6 Kc8 80. e6 Kb7 1/2-1/2

[Event "Prague Chess Festival (Masters)"]
[Site "Prague CZE"]
[Date "2020.02.14"]
[EventDate "2020.02.11"]
[Round "3"]
[Result "1-0"]
[White "Alireza Firouzja"]
[Black "Pentala Harikrishna"]
[WhiteElo "2726"]
[BlackElo "2713"]
[PlyCount "79"]

1. e4 e5 2. Nf3 Nc6 3. Bb5 a6 4. Ba4 Nf6 5. O-O Be7 6. d3 b5
7. Bb3 d6 8. c3 O-O 9. h3 Na5 10. Bc2 c5 11. d4 Qc7 12. d5 Nc4
13. b3 Nb6 14. a4 c4 15. axb5 axb5 16. Rxa8 Nxa8 17. bxc4 bxc4
18. Ba3 Nd7 19. Bb4 Nc5 20. Qe2 Nb6 21. Nbd2 f5 22. Rd1 g6
23. Qe3 f4 24. Qe2 Ba6 25. Ra1 Ra8 26. Qf1 Qc8 27. Ra5 Ncd7
28. Qa1 Bb5 29. Nb1 g5 30. Rxa8 Nxa8 31. Qa7 Nc7 32. Na3 Ba6
33. Ba4 Nf6 34. Nxg5 Nfxd5 35. exd5 Bxg5 36. Bxd6 Nxd5 37. Bd7
Qb7 38. Be6+ Kg7 39. Bxe5+ Bf6 40. Qd4 1-0

[Event "Prague Chess Festival (Masters)"]
[Site "Prague CZE"]
[Date "2020.02.15"]
[EventDate "2020.02.12"]
[Round "4.3"]
[Result "1/2-1/2"]
[White "Alireza Firouzja"]
[Black "Nikita Vitiugov"]
[WhiteElo "2726"]
[BlackElo "2731"]
[PlyCount "89"]

1. e4 e5 2. Nf3 Nc6 3. Bb5 a6 4. Ba4 Nf6 5. O-O Be7 6. d3 b5
7. Bb3 d6 8. c3 O-O 9. h3 h6 10. a4 Bb7 11. Re1 Re8 12. Nbd2
Bf8 13. Nf1 Na5 14. Bc2 c5 15. Ne3 Qd7 16. Nh2 d5 17. axb5
axb5 18. Qf3 c4 19. Nhg4 Nxg4 20. Nxg4 dxe4 21. dxe4 Qe6
22. Qg3 Kh8 23. f4 exf4 24. Bxf4 Nb3 25. Rad1 Rad8 26. e5 Nc5
27. Rxd8 Rxd8 28. Nf6 gxf6 29. Qh4 Rd3 30. Bxh6 Bxh6 31. exf6
Qxe1+ 32. Qxe1 Ne4 33. Qh4 Kh7 34. Qh5 Nd6 35. g4 Bf3 36. Qe5
Bf8 37. Kf2 Ne4+ 38. Kf1 Kg8 39. Qxb5 Rd5 40. Qb8 Rd2 41. Bxe4
Bxe4 42. h4 Bd3+ 43. Kg1 Be4 44. Kf1 Bd3+ 45. Kg1 1/2-1/2

[Event "Prague Chess Festival (Masters)"]
[Site "Prague CZE"]
[Date "2020.02.16"]
[EventDate "2020.02.12"]
[Round "5.5"]
[Result "1-0"]
[White "Vidit Santosh Gujrathi"]
[Black "Alireza Firouzja"]
[WhiteElo "2721"]
[BlackElo "2726"]
[PlyCount "47"]

1. d4 d5 2. Nf3 Nf6 3. c4 c6 4. cxd5 cxd5 5. Nc3 Nc6 6. Bf4 a6
7. Rc1 Bf5 8. e3 e6 9. Be2 Qb6 10. O-O Qxb2 11. Na4 Qb4 12. a3
Qa5 13. Qb3 b5 14. Rxc6 Qxa4 15. Qc3 e5 16. Nxe5 b4 17. axb4
Ne4 18. Qa1 Qxa1 19. Rxa1 Bxb4 20. Rcxa6 Rxa6 21. Rxa6 O-O
22. Nc6 Rc8 23. g4 Nc3 24. Bf1 1-0

[Event "Prague Chess Festival (Masters)"]
[Site "Prague CZE"]
[Date "2020.02.18"]
[EventDate "2020.02.11"]
[Round "6"]
[Result "1/2-1/2"]
[White "Alireza Firouzja"]
[Black "David Navara"]
[WhiteElo "2726"]
[BlackElo "2717"]
[PlyCount "98"]

1. e4 e5 2. Nf3 Nc6 3. Bc4 Bc5 4. O-O Nf6 5. d3 d6 6. c3 h6
7. Nbd2 O-O 8. h3 a6 9. a4 Re8 10. Qb3 Be6 11. a5 b5 12. axb6
cxb6 13. Bxe6 Rxe6 14. Rd1 d5 15. exd5 Qxd5 16. Qxd5 Nxd5
17. Ne4 Bf8 18. g4 a5 19. h4 Rd8 20. g5 hxg5 21. hxg5 Nce7
22. Nh4 Ng6 23. Nxg6 Rxg6 24. Kf1 f5 25. gxf6 gxf6 26. Ng3 Bh6
27. Bxh6 Rxh6 28. d4 Nf4 29. dxe5 Rxd1+ 30. Rxd1 fxe5 31. Ke1
Kf7 32. b3 Ke8 33. c4 Rg6 34. Kd2 Rd6+ 35. Kc2 Rxd1 36. Kxd1
Kd7 37. Kd2 Kc6 38. Kc3 Ne6 39. Ne4 Nc5 40. Nxc5 Kxc5 41. f3
b5 42. cxb5 Kxb5 43. Kc2 Kb4 44. Kb2 a4 45. bxa4 Kxa4 46. Kc3
Kb5 47. f4 Kc5 48. fxe5 Kd5 49. e6 Kxe6 1/2-1/2

[Event "Prague Chess Festival (Masters)"]
[Site "Prague CZE"]
[Date "2020.02.20"]
[EventDate "2020.02.12"]
[Round "8.3"]
[Result "1/2-1/2"]
[White "Alireza Firouzja"]
[Black "Samuel Shankland"]
[WhiteElo "2726"]
[BlackElo "2683"]
[PlyCount "114"]

1. e4 e5 2. Nf3 Nc6 3. Bc4 Nf6 4. d3 Bc5 5. O-O d6 6. c3 a6
7. a4 h6 8. Re1 O-O 9. h3 Re8 10. Nbd2 Be6 11. Bxe6 Rxe6
12. b4 Ba7 13. Bb2 Nh7 14. Nf1 Ne7 15. d4 Ng6 16. Ng3 Nh4
17. a5 Nxf3+ 18. Qxf3 g6 19. Rad1 Qh4 20. c4 Bxd4 21. Bxd4
exd4 22. Rxd4 Rae8 23. Qd3 f5 24. c5 Qe7 25. cxd6 cxd6 26. Qd2
Kg7 27. Rd1 fxe4 28. Rxd6 Rxd6 29. Qxd6 Qxd6 30. Rxd6 Nf6
31. Ne2 e3 32. fxe3 Rxe3 33. Nf4 Re4 34. Nd3 Re7 35. Nc5 Kf7
36. Kf2 Ne4+ 37. Nxe4 Rxe4 38. Rb6 Re7 39. Kf3 Kg7 40. Kf4 h5
41. h4 Kh6 42. g3 Kg7 43. Rd6 Kh6 44. Rf6 Kh7 45. Rb6 Kg7
46. b5 axb5 47. Rxb5 Kh6 48. Kf3 Kg7 49. Rd5 Kh6 50. Rc5 Kg7
51. Kf4 Kh6 52. Rb5 Kg7 53. Re5 Rc7 54. Ke4 Rc3 55. Rg5 b6
56. Kd4 Rc6 57. a6 b5 1/2-1/2

[Event "Prague Chess Festival (Masters)"]
[Site "Prague CZE"]
[Date "2020.02.21"]
[EventDate "2020.02.12"]
[Round "9.3"]
[Result "1/2-1/2"]
[White "David Anton Guijarro"]
[Black "Alireza Firouzja"]
[WhiteElo "2697"]
[BlackElo "2726"]
[PlyCount "109"]

1. c4 Nf6 2. Nf3 g6 3. Nc3 Bg7 4. e4 d6 5. d4 O-O 6. Be2 e5
7. d5 a5 8. Bg5 h6 9. Bh4 Na6 10. Nd2 Bd7 11. a3 Qe8 12. g4 a4
13. f3 h5 14. Rg1 hxg4 15. fxg4 Nh7 16. Qc2 Nc5 17. O-O-O Bh6
18. g5 Qe7 19. Nf3 Nb3+ 20. Kb1 Bg7 21. Bf2 Nd4 22. Qd2 Nxe2
23. Qxe2 f5 24. Be3 fxe4 25. Nd2 Rf4 26. Bxf4 exf4 27. Ndxe4
Re8 28. Qf2 Qf7 29. Ka1 Qf5 30. Rde1 Be5 31. h4 Qh3 32. Rh1
Qd3 33. h5 Bf5 34. hxg6 Bxg6 35. Rh6 Kf7 36. Qh4 Nf8 37. Qh1
Bg7 38. Rh4 Rxe4 39. Rxe4 Bxc3 40. Rhxf4+ Kg8 41. bxc3 Qxc3+
42. Ka2 Qb3+ 43. Ka1 Qxa3+ 44. Kb1 Nd7 45. Kc2 Ne5 46. Qh6
Bxe4+ 47. Rxe4 Qa2+ 48. Kd1 Qb3+ 49. Kc1 Qc3+ 50. Kd1 Qd3+
51. Kc1 Qxe4 52. Qe6+ Kf8 53. Qh6+ Ke8 54. Qe6+ Kd8 55. Qg8+
1/2-1/2

[Event "Prague Chess Festival (Masters) (Tiebreaks)"]
[Site "Prague CZE"]
[Date "2020.02.21"]
[EventDate "2020.02.21"]
[Round "1"]
[Result "0-1"]
[White "Vidit Santosh Gujrathi"]
[Black "Alireza Firouzja"]
[WhiteElo "2721"]
[BlackElo "2726"]
[PlyCount "94"]

1. d4 Nf6 2. c4 e6 3. Nf3 d5 4. g3 Bb4+ 5. Bd2 Be7 6. Bg2 O-O
7. O-O c6 8. Qc2 Nbd7 9. b3 b6 10. Bc3 Bb7 11. Nbd2 Qc7
12. Rfd1 c5 13. Rac1 dxc4 14. Nxc4 b5 15. Ba5 Qb8 16. Nce5
Nxe5 17. dxe5 Nd5 18. Bd2 h6 19. g4 Qe8 20. h4 f5 21. exf6
Nxf6 22. g5 Be4 23. Qb2 Ng4 24. Bc3 Qg6 25. Rd7 Rf7 26. Qd2
hxg5 27. hxg5 Qh5 28. Rxe7 Rxe7 29. Qd6 Rf7 30. Qxe6 Bf5
31. Qc6 Rc8 32. Qd5 Re8 33. Qc6 Rxe2 34. Rd1 Rxf2 35. Rd8+ Kh7
36. Qe8 Rxf3 37. Qh8+ Kg6 38. Qxh5+ Kxh5 39. Bxf3 Kxg5 40. Rd5
Kf4 41. Bxg4 Kxg4 42. Rxc5 Bd3 43. Bd2 Kf3 44. Re5 Be4
45. Rxb5 Rd7 46. Bb4 Rd1+ 47. Kh2 Kg4 0-1

[Event "Prague Chess Festival (Masters) (Tiebreaks)"]
[Site "Prague CZE"]
[Date "2020.02.21"]
[EventDate "2020.02.21"]
[Round "2"]
[Result "1-0"]
[White "Alireza Firouzja"]
[Black "Vidit Santosh Gujrathi"]
[WhiteElo "2726"]
[BlackElo "2721"]
[PlyCount "96"]

1. e4 c5 2. Nf3 Nc6 3. c3 d5 4. exd5 Qxd5 5. d4 e6 6. Na3 a6
7. Nc4 Qd8 8. Bg5 Nf6 9. dxc5 Bxc5 10. Qxd8+ Kxd8 11. Rd1+ Ke7
12. Nfe5 Nxe5 13. Nxe5 h6 14. Bf4 Ne4 15. Nd3 Ba7 16. f3 Nf6
17. Ne5 Nd5 18. Bg3 Re8 19. Bf2 f6 20. Bxa7 Rxa7 21. Nc4 b5
22. Na5 Bd7 23. Kf2 Rc7 24. Bd3 Nb6 25. Rhe1 Na4 26. Rd2 Rd8
27. Bg6 Bc8 28. Rxd8 Kxd8 29. Re2 e5 30. Rd2+ Rd7 31. Re2 Rd6
32. c4 b4 33. c5 Rd5 34. Nc6+ Kc7 35. Nxb4 Rxc5 36. Be8 Nb6
37. Bf7 a5 38. Rc2 Kd6 39. Rd2+ Ke7 40. Nd5+ Kxf7 41. Nxb6 Be6
42. b3 g5 43. Na4 Rc7 44. Nb2 h5 45. Nd1 f5 46. Nb2 Rc6
47. Nd3 Kf6 48. Re2 e4 1-0